|
|
|
|
| LEADER |
00000nab a2200000 i 4500 |
| 001 |
publ382 |
| 005 |
20150312161012.0 |
| 008 |
150312s2010 hu o 000 zxx d |
| 040 |
|
|
|a BGE Publikációtár Repozitórium
|b hun
|
| 100 |
1 |
|
|a Majoros Pál
|
| 245 |
1 |
0 |
|a Szomszédságpolitika és külgazdasági stratégia
|c Majoros Pál
|h [elektronikus dokumentum]
|
| 260 |
|
|
|c 2010
|
| 300 |
|
|
|a 71-84
|
| 490 |
0 |
|
|a EU Working Papers
|v No. 3-4. sz.
|
| 650 |
|
4 |
|a regionális tudományok
|
| 695 |
|
|
|a Szomszédságpolitika
|
| 695 |
|
|
|a Külgazdaság
|
| 856 |
4 |
0 |
|u https://publikaciotar.uni-bge.hu/id/eprint/382/1/2010_3-4_04.pdf
|z Dokumentum-elérés
|